000 01583nam2a22003491 4500
001 rc\73793
005 20260129110403.0
035 _a(NLR Aleph) 005390093
090 _a7179329
_c7179329
100 _a20021216d1996 u y0rusy50 ca
101 0 _arus
102 _aRU
105 _ay |||||||||
135 _acrmn mmmanaba
200 1 _aXVIII век
_f[Сост. И.Ф. Безуглова и др.
_gРед. Н.А. Ефимова, к. п. н. Н.В. Таланкина]
210 _d1996
215 _a179 с.
320 _aБиблиогр.: с. 174-179
325 1 _aКопия доступна в электронной библиотеке РНБ
461 0 _1001RU\NLR\bibl\930008
_12001#$aСводный каталог российских нотных изданий$fРос. нац. б-ка [и др.]$vТ. 1
_983150
_cСанкт-Петербург
_d1996-
_fРос. нац. б-ка [и др.]
_nРоссийская национальная библиотека
_tСводный каталог российских нотных изданий
_vТ. 1
801 0 _aRU
_bNLR
_gpsbo
801 1 _aRU
_bELAR
_2rusmarc
852 _aNLR
_bС
_jК-2/6914
856 0 _uhttps://vivaldi.nlr.ru/bx000029694/view
856 1 _uhttps://vivaldi.nlr.ru/bx000029694/cover
856 2 _uhttps://vivaldi.nlr.ru/bx000029694/text
942 _cBOOK
980 _aNB
981 1 8 _a(18) Планета РНБ
_b(18) Труды сотрудников РНБ